Informácie z výročných správ účtovných jednotiek aplikovateľné na určenie spoločenskej zodpovednosti diplomová práca

Na minha lista:
Detalhes bibliográficos
Autor principal: Fiala, Jaroslav
Autor Corporativo: Fakulta hospodárskej informatiky EU. Katedra účtovníctva a audítorstva
Outros Autores: Mokošová, Daša, 1979-
Formato: Livro
Idioma:eslovaco
Publicado em: Bratislava 2016
Tags: Adicionar Tag
Sem tags, seja o primeiro a adicionar uma tag!

MARC

LEADER 00000nbm a2200000 4500
001 0216878
005 20240905084617.7
041 0 |a slo 
044 |a SK 
245 1 0 |a Informácie z výročných správ účtovných jednotiek aplikovateľné na určenie spoločenskej zodpovednosti  |b diplomová práca  |c Jaroslav Fiala ; školiteľ: Daša Mokošová 
264 1 |a Bratislava  |c 2016 
300 |a 77 s. 
100 1 |a Fiala, Jaroslav 
700 1 |a Mokošová, Daša, 1979- 
710 2 |a Fakulta hospodárskej informatiky EU. Katedra účtovníctva a audítorstva